1458 1186 1714 1331 1036 1468 1919 1505 1970 1553 1850 1725 1199 1634 1680 1261 1280 1279 1543 1113 1925 1257 1766 1081 1154 1159 1510 1181 1647 1455 1587 1464 1162 1861 1354 1285 1554 1121 1305 1056 1836 1465 1099 1055 1461 1073 1225 1915 1280 1093 1749 1914 1921 1623 1237 1686 1896 1419 1797 1742 1984 1306 1352 1597 1996 1267 1068 1047 1215 1215 1350 1525 1052 1240 1418 1107 1797 1610 1634 1782 1897 1374 1229 1955 1092 1897 1070 1689 1366 1972 1911 1185 1492 1856 1002 1756 1686 1865 1552 BCNSPRNW ULIB Ver.6.0+V

เปลี่ยนเป็นภาษาไทย

Change to English
 แสดงรายละเอียดบรรณานุกรม
  กลับหน้าหลัก

Brief Record : Get Marc (ISO 2709) : E-mail record : QR code < ปิดหน้าต่าง
LEADER : 00000nam 2200000uu 4500
001    13399114334
003     ULIB
008    120321s2549||||th 000 0 tha d
020    ^a9749396154
050  4 ^aBL148.T35^bช149ส 2549
100 0  ^aชนาธิป ศิริปัญญาวงศ์
245 10 ^aสะกดจิตบำบัดโรค /^cชนาธิป ศิริปัญญาวงศ์
260    ^aกรุงเทพฯ :^bAnit Publishing,^c2549
300    ^a191 หน้า ;^c20 ซม.
650  7 ^aสะกดจิต
945    ^p165^l0^i15005
995    ^aกัณชพร
999    ^aใช้งานได้ทุกระบบ
รายการนี้ยังไม่มีแท็ก
คุณยังไม่ได้ล็อกอิน คุณสามารถมีกิจกรรมร่วมกับเว็บไซต์ได้ แต่ต้องล็อกอินก่อน ::
  ล็อกอิน

รายการสื่อสารสนเทศ

ลำดับที่ ประเภท เลขเรียก/บาร์โค้ด สถานที่ สถานะ
- ไม่พบข้อมูล -

รายการใกล้เคียง
    ผู้แต่ง [ชนาธิป ศิริปัญญาวงศ์]

    หัวเรื่อง [สะกดจิต]

BibComment


ยังไม่เคยถูกคอมเมนท์

คอมเมนท์ทรัพยากรรายการนี้
  คอมเมนท์: สะกดจิตบำบัดโรค ..


 Copyright 2026. Bcnsprnw @Library